Statistiques concernant Top 15 des pays avec les décès de Covid-19 - 4 août 2021

Cliquez ici pour prendre le quiz!

Statistiques générales

  • Ce quiz a été pris 17 fois
  • Le résultat moyen est 14 sur 25

Statistiques - réponses

pays% Correct
Espagne
100%
Etats-Unis
100%
France
100%
Allemagne
94%
Italie
94%
Brésil
88%
Russie
88%
Royaume-Uni
82%
Inde
76%
Belgique
71%
Mexique
71%
Argentine
65%
Pérou
53%
Colombie
41%
Hongrie
41%
Iran
41%
Tchèquie
41%
Slovaquie
35%
Croatie
29%
Slovénie
29%
Bulgarie
24%
Indonésie
24%
Bosnie-Herzégovine
12%
Macédoine du Nord
12%
Paraguay
6%

Distribution des résultats

Percentile par nombre de réponses

% des personnes avec chaque résultat

Votre développement - résultats

Vous n’avez pas pris ce quiz